| 000 | 00471cam a2200193ua 4500 | ||
|---|---|---|---|
| 020 | _c40.00 | ||
| 041 |
_aeng _h |
||
| 082 |
_a011 _bGIR/BI |
||
| 100 | _aKrishan , Kumar . | ||
| 245 |
_aBibliography / _cKrishan Kumar. _hTextual Documents |
||
| 250 |
_a1 / _b. |
||
| 260 |
_aNew Delhi : _bVani Educational Books , _c1985. |
||
| 300 |
_a296 ; _eCD ROM. |
||
| 365 | _a40.00 | ||
| 504 | _a | ||
| 700 | _aGirja, Kumar . | ||
| 942 | _cBK | ||
| 999 |
_c5586 _d5586 |
||